[Event "Bodenmais Arber op 10th"]
[Site "Bodenmais"]
[Date "2023.08.08"]
[Round "4"]
[White "Burns, Mikala Tristan"]
[Black "Zimmermann, Jens"]
[Result "1-0"]
[WhiteElo "1699"]
[BlackElo "1880"]
[PlyCount "47"]
[EventDate "2023.08.05"]
[EventType "swiss"]
[EventRounds "9"]
[EventCountry "GER"]
[SourceTitle "EXT 2024"]
[Source "ChessBase"]
[SourceDate "2023.10.10"]
[SourceVersion "1"]
[SourceVersionDate "2023.10.10"]
[SourceQuality "1"]

1. e4 c6 2. d4 d5 3. Nc3 dxe4 4. Nxe4 Nd7 5. c3 Ngf6 6. Bd3 Nxe4 7. Bxe4 Nf6 8. Bc2 Bg4 9. Ne2 e6 10. Bf4 Bd6 11. Bg3 0-0 12. Qd2 a5 13. f3 Bf5 14. Bxf5 exf5 15. 0-0-0 b5 16. Qg5 g6 17. h4 h5 18. Be5 Be7 19. Qh6 Re8 20. Nf4 Bf8 21. Qg5 Be7 22. Nxg6 fxg6 23. Qxg6+ Kf8 24. Rde1 1-0